=LDR 00000nam 2200000 4500 =001 INLIS000000000043853 =005 20131008103910 =008 ***********************************ind** =035 ##$$0010-101300000001775 =041 ##$$a ind =082 ##$$a 2X5.2 =090 ##$$a 2X5.2, Pal h =100 ##$$a Palembani, Syekh Abdus Shomad =245 ##$$a Hidayah salikin, Syekh Abdus Shomad Al Palembangi =260 ##$$a 2006 $b Surabaya =300 ##$$a xvi, 240 hlm, 21 cm =650 ##$$a Tasauf =850 ##$$a NBPNMAT